| 000 | 00675nam a2200193Ii 4500 | ||
|---|---|---|---|
| 003 | JO-AjNU | ||
| 008 | 230605s9999||||xx |||||||||||||| ||und|| | ||
| 040 |
_aJO-AjNU _bara _erda _cJO-AjNU |
||
| 041 | _aara | ||
| 050 | 1 | 4 | _aGV1493 1991 |
| 100 | 3 |
_aعبد المقصود، عصمت؛ مراجعة مارديني، سمير احسان, _eauthor _935779 |
|
| 245 | 0 | 0 | _aالالعاب والألغاز الرياضية المسلية |
| 264 | 3 | 1 | _aمصر: دار المعارف، 1991 |
| 300 |
_a159ص _bصور توضبحية |
||
| 336 |
_atext _btxt _2rdacontent |
||
| 337 |
_aunmediated _bn _2rdamedia |
||
| 338 |
_avolume _bnc _2rdacarrier |
||
| 650 | 4 |
_aالغاز _935780 |
|
| 999 |
_aA14804 _c18372 _d18372 |
||